000 00663nam a2200205 4500
003 OSt
005 20240730070145.0
006 a
008 240730b |||||||| |||| 00| 0 eng d
020 _a9780071289405
040 _aDWCL-Main lib.
_cOC
082 _2Ninth edition
_aCirc. 152.334 M194m 2011
100 _aMagill, Richard A.
245 _aMotor learning and control : concepts and applications /
250 _aNinth edition
260 _aN.Y. :
_bMcGraw-Hill, c 2011 xiii, 466 p. : ill. ;
_c23 cm.
504 _aIncludes bibliographical references & indexes.
650 _a1. Motor learning-Textbooks.
942 _2ddc
_n0
_cBK-CIRC
_eNinth edition
_kCirc.
999 _c2974
_d2974